Paryavaran privartan sankat evam paryavaran annrakshan ke antarrastriya prayas: Ek vishleshanatmak adhyayan (Record no. 126680)

MARC details
000 -LEADER
fixed length control field 00409nam a2200145Ia 4500
008 - FIXED-LENGTH DATA ELEMENTS--GENERAL INFORMATION
fixed length control field 230917s9999||||xx |||||||||||||| ||und||
040 ## - CATALOGING SOURCE
-- 227654
Original cataloging agency VIVEKANANDA LIBRARY
041 ## - Language
-- English
082 ## - DDC NUMBER
Classification number 363.7 Y11P
100 ## - MAIN ENTRY--PERSONAL NAME
Personal name Yadav, Sharmila
245 #0 - TITLE STATEMENT
Title Paryavaran privartan sankat evam paryavaran annrakshan ke antarrastriya prayas: Ek vishleshanatmak adhyayan
260 ## - PUBLICATION, DISTRIBUTION, ETC. (IMPRINT)
Date of publication, distribution, etc 2013
300 ## - PHYSICAL DESCRIPTION
Pages 195 p.
942 ## - ADDED ENTRY ELEMENTS (KOHA)
Koha item type Thesis
Holdings
Withdrawn status Lost status Damaged status Not for loan Location (home branch) Sublocation or collection (holding branch) Date acquired Koha issues (times borrowed) Koha full call number Accession No. Koha date last seen Koha item type
        VIVEKANANDA LIBRARY VIVEKANANDA LIBRARY 13/08/2015   363.7 Y11P 222587 17/09/2023 Thesis
© Designed and Maintained by Vivekananda Library, MDU Rohtak